|
|
|
|
| LEADER |
00000nam0a2200000 4500 |
| 001 |
119658 |
| 005 |
20231101215543.0 |
| 010 |
|
|
|a 5030010343
|
| 020 |
|
|
|a RU
|b 89-73308
|
| 035 |
|
|
|a (RuTPU)RU\TPU\book\129523
|
| 090 |
|
|
|a 119658
|
| 100 |
|
|
|a 20070725d1989 km a0rusy5003 ca
|
| 101 |
1 |
|
|a rus
|c eng
|
| 102 |
|
|
|a RU
|
| 105 |
|
|
|a a z 001zy
|
| 200 |
1 |
|
|a Лигандообменная хроматография
|e пер. с англ.
|f В. А. Даванков, Дж. Д. Навратил, Х. Ф. Уолтон
|
| 210 |
|
|
|a Москва
|c Мир
|d 1989
|
| 215 |
|
|
|a 294 с.
|c ил.
|d 22 см
|
| 320 |
|
|
|a Библиогр. в конце глав.
|
| 320 |
|
|
|a Предм. указ.: с. 288-292.
|
| 606 |
1 |
|
|a Хроматография лигандообменная
|2 stltpush
|3 (RuTPU)RU\TPU\subj\73842
|9 86588
|
| 610 |
1 |
|
|a органические соединения
|
| 610 |
1 |
|
|a хроматографическое разделение
|
| 610 |
1 |
|
|a амины
|
| 610 |
1 |
|
|a аминокислоты
|
| 610 |
1 |
|
|a пептиды
|
| 610 |
1 |
|
|a белки
|
| 610 |
1 |
|
|a энантиомеры
|
| 610 |
1 |
|
|a лиганды
|
| 675 |
|
|
|a 543.544.1
|z rus
|v 3
|
| 700 |
|
1 |
|a Даванков
|b В. А.
|g Вадим Александрович
|4 070
|
| 701 |
|
1 |
|a Навратил
|b Дж. Д.
|g Джеймс Д.
|
| 701 |
|
1 |
|a Уолтон
|b Х. Ф.
|g Харолд Ф.
|
| 801 |
|
0 |
|a RU
|b RuMRKP
|c 19950417
|g psbo
|
| 801 |
|
1 |
|a RU
|b 63413507
|c 20070725
|g PSBO
|
| 801 |
|
2 |
|a RU
|b 63413507
|c 20141225
|g PSBO
|
| 942 |
|
|
|c BK
|